[Event "Verbandsliga Nordbaden 1718"]
[Site "Baden"]
[Date "2018.01.14"]
[Round "4.8"]
[White "Werner, Clemens"]
[Black "Schott, Reimund"]
[Result "1-0"]
[WhiteElo "2252"]
[BlackElo "1911"]
[PlyCount "69"]
[EventDate "2017.10.08"]
[EventType "team-tourn"]
[EventRounds "9"]
[EventCountry "GER"]
[SourceTitle "EXT 2019"]
[Source "ChessBase"]
[SourceDate "2018.10.10"]
[SourceVersion "1"]
[SourceVersionDate "2018.10.10"]
[SourceQuality "1"]
[WhiteTeam "Karlsruhe"]
[BlackTeam "Heidelberg"]
[WhiteTeamCountry "GER"]
[BlackTeamCountry "GER"]

1. e4 c5 2. Nf3 Nc6 3. Bb5 e6 4. 0-0 Nge7 5. Re1 Ng6 6. c3 a6 7. Bf1 Be7 8. d4 cxd4 9. cxd4 d5 10. e5 Bd7 11. Nc3 0-0 12. g3 Rc8 13. h4 Re8 14. Bd3 b5 15. Ng5 Nf8 16. Be3 f6 17. Nf3 Na5 18. exf6 Bxf6 19. Bg5 Nc4 20. Qe2 b4 21. Nd1 a5 22. Ne3 Nxe3 23. Qxe3 Bc6 24. Rac1 Nd7 25. Ba6 Rc7 26. Bf4 e5 27. dxe5 Qa8 28. Bf1 Rcc8 29. Qd4 Bd8 30. Qd2 Bb6 31. Nd4 Bb7 32. Rxc8 Rxc8 33. Nf5 Kh8 34. Nd6 Rf8 35. e6 1-0

[Event "Rheinland Pfalz op 9th"]
[Site "Lambsheim"]
[Date "2017.06.16"]
[Round "4"]
[White "Schott, Reimund"]
[Black "Lachnit, Manfred"]
[Result "1-0"]
[WhiteElo "1965"]
[BlackElo "1775"]
[PlyCount "33"]
[EventDate "2017.06.15"]
[EventType "swiss"]
[EventRounds "7"]
[EventCountry "GER"]
[SourceTitle "CBM 178 Extra"]
[Source "ChessBase"]
[SourceDate "2017.06.22"]
[SourceVersion "1"]
[SourceVersionDate "2017.06.22"]
[SourceQuality "1"]

1. e4 e6 2. d4 d5 3. Be3 dxe4 4. f3 exf3 5. Nxf3 Nf6 6. Bc4 Nd5 7. Qe2 Nxe3 8. Qxe3 Be7 9. Nbd2 Nc6 10. 0-0-0 Na5 11. Bd3 b6 12. h4 h5 13. Ng5 Bxg5 14. hxg5 g6 15. Ne4 0-0 16. Nf6+ Kg7 17. Qe5 1-0

[Event "Oberliga Baden 1516"]
[Site "Baden"]
[Date "2016.02.21"]
[Round "7.8"]
[White "Haas, Stefan"]
[Black "Schott, Reimund"]
[Result "1/2-1/2"]
[WhiteElo "2221"]
[BlackElo "2058"]
[PlyCount "53"]
[EventDate "2015.09.20"]
[EventType "team-tourn"]
[EventRounds "9"]
[EventCountry "GER"]
[SourceTitle "EXT 2018"]
[Source "ChessBase"]
[SourceDate "2017.10.13"]
[SourceVersion "1"]
[SourceVersionDate "2017.10.13"]
[SourceQuality "1"]
[WhiteTeam "Karlsruhe SF"]
[BlackTeam "Handschuhsheim"]
[WhiteTeamCountry "GER"]
[BlackTeamCountry "GER"]

1. d4 Nf6 2. c4 e6 3. g3 d5 4. Bg2 Be7 5. Nf3 0-0 6. 0-0 dxc4 7. Ne5 Nc6 8. Nxc6 bxc6 9. Bxc6 Rb8 10. Nc3 Bb7 11. Bxb7 Rxb7 12. e3 c5 13. Qf3 Rd7 14. dxc5 Bxc5 15. Qf4 Rc7 16. Rd1 Qe7 17. Qxc4 Bxe3 18. Qe2 Bxc1 19. Raxc1 Rfc8 20. a3 h6 21. Rc2 Rd8 22. Rcd2 Rcd7 23. b4 Rxd2 24. Rxd2 Rxd2 25. Qxd2 Qc7 26. Qd3 Ng4 27. Qf3 1/2-1/2

[Event "Verbandsliga Nordbaden 1415"]
[Site "Baden"]
[Date "2014.11.02"]
[Round "2.7"]
[White "Schott, Reimund"]
[Black "Hermann, Tobias"]
[Result "1-0"]
[WhiteElo "2032"]
[BlackElo "1811"]
[PlyCount "145"]
[EventDate "2014.10.12"]
[EventType "team-tourn"]
[EventRounds "9"]
[EventCountry "GER"]
[SourceTitle "EXT 2022"]
[Source "ChessBase"]
[SourceDate "2021.10.06"]
[SourceVersion "1"]
[SourceVersionDate "2021.10.06"]
[SourceQuality "1"]
[WhiteTeam "Heidelberg"]
[BlackTeam "Eppingen III"]
[WhiteTeamCountry "GER"]
[BlackTeamCountry "GER"]

1. e4 e5 2. Nf3 Nc6 3. Bb5 a6 4. Ba4 Nf6 5. 0-0 Be7 6. Re1 b5 7. Bb3 d6 8. c3 Na5 9. Bc2 c5 10. d4 Qc7 11. d5 0-0 12. Nbd2 Bd7 13. Nf1 Rfb8 14. b3 Nb7 15. Ng3 a5 16. Nh4 a4 17. Nhf5 Bf8 18. Qf3 axb3 19. Bxb3 Na5 20. Bg5 Ne8 21. h4 Ra7 22. Rac1 Nb7 23. c4 bxc4 24. Bxc4 Na5 25. Bd3 Rb2 26. Rc2 Rxc2 27. Bxc2 Nc4 28. Bd3 Nb2 29. Bb1 Qa5 30. Rc1 f6 31. Be3 Bb5 32. Kh2 Qa3 33. Rg1 Na4 34. Qg4 Kh8 35. h5 Nc3 36. Nh4 Qb2 37. Ng6+ Kg8 38. Qe6+ Rf7 39. Nf5 Bd7 40. Nfe7+ Bxe7 41. Qxd7 Nxb1 42. Qxe8+ Bf8 43. Nxf8 Rxf8 44. Qe6+ Kh8 45. Qxd6 Rg8 46. h6 Nc3 47. hxg7+ Kxg7 48. Qe7+ Kg6 49. Qe6 Rg7 50. Qf5+ Kf7 51. d6 Ne2 52. d7 Qb8 53. Rd1 Nd4 54. Qh5+ Ke7 55. Qh6 Rf7 56. Qh3 Qa7 57. Rc1 Rg7 58. Qh6 Rf7 59. Qh3 f5 60. exf5 Kxd7 61. Bxd4 exd4 62. Qf3 Kd6 63. Qf4+ Kd5 64. Qf3+ Kd6 65. Qf4+ Kc6 66. Qe4+ Kb5 67. a4+ Qxa4 68. Qe8+ Ka5 69. Qxf7 Kb6 70. Rb1+ Ka6 71. Qe6+ Ka7 72. Qb6+ Ka8 73. Qb7# 1-0

[Event "Karl Mala Memorial op-A 17th"]
[Site "Frankfurt"]
[Date "2014.08.03"]
[Round "7"]
[White "Schott, Reimund"]
[Black "Vassilev, Martin"]
[Result "1-0"]
[WhiteElo "2033"]
[BlackElo "1867"]
[PlyCount "119"]
[EventDate "2014.07.31"]
[EventType "swiss"]
[EventRounds "7"]
[EventCountry "GER"]
[SourceTitle "EXT 2015"]
[Source "ChessBase"]
[SourceDate "2014.11.20"]
[SourceVersion "1"]
[SourceVersionDate "2014.11.20"]
[SourceQuality "1"]

1. e4 e6 2. d4 d5 3. Nd2 Nf6 4. e5 Nfd7 5. f4 c5 6. c3 Nc6 7. Ndf3 Be7 8. Bd3 f6 9. Ne2 0-0 10. h4 cxd4 11. Nexd4 Nxd4 12. cxd4 f5 13. Ng5 Bxg5 14. hxg5 g6 15. Bd2 Qb6 16. Bc3 Rf7 17. g4 fxg4 18. Qxg4 Nf8 19. Kf2 Bd7 20. Rh6 Bb5 21. Bc2 Be8 22. Rah1 Rg7 23. Ke3 Rc8 24. Qh4 Rcc7 25. Qe1 Qc6 26. Bb1 b6 27. Bb4 a5 28. Bd6 Ra7 29. R6h2 Qd7 30. Bd3 Qd8 31. Rc2 Rgd7 32. Qh4 Rxd6 33. exd6 Qxd6 34. Rhc1 Bd7 35. Rc3 a4 36. a3 b5 37. Rc5 Qb6 38. Qe1 Rb7 39. Qb4 Kg7 40. R5c2 Kf7 41. Qc5 b4 42. Qxb6 Rxb6 43. Rc7 bxa3 44. bxa3 Rb2 45. R1c2 Rb1 46. Kd2 Ke8 47. Rc1 Rb2+ 48. Bc2 Kd8 49. Ra7 Ra2 50. Ra8+ Ke7 51. Rb1 e5 52. dxe5 d4 53. Rb7 Ne6 54. Raa7 Nc5 55. Rc7 Nb3+ 56. Kd3 Nc1+ 57. Kxd4 Ke6 58. Ra6+ Ke7 59. Rd6 Ne2+ 60. Ke3 1-0

[Event "Rheinland Pfalz op Seniors 12th"]
[Site "Neustadt an der Weinstrasse"]
[Date "2014.07.12"]
[Round "1"]
[White "Schmidt Hieber, Michael"]
[Black "Schott, Reimund"]
[Result "0-1"]
[WhiteElo "1752"]
[BlackElo "2033"]
[PlyCount "76"]
[EventDate "2014.07.12"]
[EventType "swiss"]
[EventRounds "7"]
[EventCountry "GER"]
[SourceTitle "EXT 2019"]
[Source "ChessBase"]
[SourceDate "2018.10.10"]
[SourceVersion "1"]
[SourceVersionDate "2018.10.10"]
[SourceQuality "1"]

1. e4 c5 2. Nc3 Nc6 3. g3 g6 4. Bg2 Bg7 5. f4 d6 6. Nge2 e6 7. d3 Nge7 8. Rb1 0-0 9. Be3 b6 10. 0-0 Bb7 11. Bf2 Qd7 12. Qd2 Rfd8 13. Rfd1 Rac8 14. Qe1 Re8 15. a3 d5 16. exd5 exd5 17. Qf1 d4 18. Ne4 f5 19. Nd2 Nd5 20. Bxd5+ Qxd5 21. h3 Nb4 22. Kh2 Nxc2 23. Nc1 Ne3 24. Bxe3 dxe3 25. Nc4 b5 26. Ne5 Bxe5 27. fxe5 Rxe5 28. Ne2 Rce8 29. d4 cxd4 30. Rxd4 Qf3 31. Rf4 Qc6 32. Rc1 Rc5 33. Rxc5 Qxc5 34. Qd1 Qc6 35. Qf1 Qc2 36. b4 Be4 37. Rxe4 fxe4 38. Kg1 Rf8 0-1

[Event "GER CupT Baden Seniors final"]
[Site "Baden"]
[Date "2014.07.06"]
[Round "4.4"]
[White "Hund, Barbara"]
[Black "Schott, Reimund"]
[Result "1-0"]
[WhiteElo "2153"]
[BlackElo "2033"]
[PlyCount "91"]
[EventDate "2014.07.05"]
[EventType "team-k.o."]
[EventRounds "4"]
[EventCountry "GER"]
[SourceTitle "EXT 2015"]
[Source "ChessBase"]
[SourceDate "2014.11.20"]
[SourceVersion "1"]
[SourceVersionDate "2014.11.20"]
[SourceQuality "1"]
[WhiteTeam "Zaehringen"]
[BlackTeam "Heidelberg"]
[WhiteTeamCountry "GER"]
[BlackTeamCountry "GER"]

1. e4 c5 2. Nc3 Nc6 3. f4 e6 4. Nf3 d6 5. Bb5 Nge7 6. 0-0 Qb6 7. Kh1 a6 8. Bxc6+ Nxc6 9. d3 Be7 10. Qe1 0-0 11. e5 d5 12. f5 Qd8 13. f6 gxf6 14. Bh6 Kh8 15. Bxf8 Qxf8 16. exf6 Bxf6 17. Qg3 Qg7 18. Qxg7+ Kxg7 19. Na4 b5 20. Nb6 Rb8 21. Nxc8 Rxc8 22. c3 Re8 23. Rae1 Bd8 24. Ne5 Nxe5 25. Rxe5 h6 26. Re3 Bc7 27. Ref3 f5 28. d4 Bd6 29. Re1 Re7 30. h3 c4 31. g4 f4 32. Kg2 Kf6 33. Rf2 Kg5 34. Rfe2 Kf6 35. Kf3 e5 36. dxe5+ Rxe5 37. h4 b4 38. cxb4 d4 39. g5+ hxg5 40. hxg5+ Kf5 41. g6 Rxe2 42. Rxe2 Bf8 43. Rc2 Kxg6 44. Rxc4 Bg7 45. Kxf4 d3 46. Ke3 1-0

[Event "Baden CupT Seniors 1213"]
[Site "Baden"]
[Date "2013.07.14"]
[Round "4.2"]
[White "Mueller, Rudolf"]
[Black "Schott, Reimund"]
[Result "1-0"]
[WhiteElo "2168"]
[BlackElo "2001"]
[PlyCount "77"]
[EventDate "2013.04.22"]
[EventType "team-k.o."]
[EventRounds "5"]
[EventCountry "GER"]
[SourceTitle "EXT 2014"]
[Source "ChessBase"]
[SourceDate "2013.11.20"]
[SourceVersion "1"]
[SourceVersionDate "2013.11.20"]
[SourceQuality "1"]
[WhiteTeam "KSF/Pfinztal Seniors"]
[BlackTeam "Heidelberg Seniors"]
[WhiteTeamCountry "GER"]
[BlackTeamCountry "GER"]

1. e4 c5 2. Nf3 Nc6 3. d4 cxd4 4. Nxd4 Nf6 5. Nc3 d6 6. Nxc6 bxc6 7. Bd3 e5 8. 0-0 Be7 9. Kh1 0-0 10. f4 exf4 11. Bxf4 Qa5 12. Qe1 Kh8 13. e5 dxe5 14. Bxe5 Ba6 15. b4 Bxb4 16. Bxa6 Qxa6 17. Rxf6 Rae8 18. Qg3 Rxe5 19. Qxe5 gxf6 20. Qxf6+ Kg8 21. Nd5 Qc4 22. Nxb4 Qxb4 23. Rf1 Qe4 24. h3 Qe6 25. Qd4 Qd5 26. Qg4+ Kh8 27. c4 Qd6 28. Qf5 Qe7 29. Rf4 f6 30. Re4 Qb4 31. c5 Qb1+ 32. Kh2 Qxa2 33. Re7 Rf7 34. Re8+ Kg7 35. Qg4+ Kh6 36. Qh4+ Kg7 37. Qg3+ Kh6 38. Rg8 Qe2 39. Qh4+ 1-0

[Event "Baden-ch Seniors"]
[Site "Birkenfeld"]
[Date "2013.06.02"]
[Round "9"]
[White "Schott, Reimund"]
[Black "Mueller, Waldemar"]
[Result "0-1"]
[WhiteElo "1951"]
[BlackElo "2107"]
[PlyCount "110"]
[EventDate "2013.05.25"]
[EventType "swiss"]
[EventRounds "9"]
[EventCountry "GER"]
[SourceTitle "EXT 2014"]
[Source "ChessBase"]
[SourceDate "2013.11.20"]
[SourceVersion "1"]
[SourceVersionDate "2013.11.20"]
[SourceQuality "1"]

1. e4 c5 2. Nf3 Nc6 3. d4 cxd4 4. Nxd4 Nf6 5. Nc3 e5 6. Ndb5 d6 7. Bg5 a6 8. Na3 Be7 9. Bxf6 Bxf6 10. Nd5 Be6 11. c3 0-0 12. Nc4 Bg5 13. h4 Bh6 14. g4 f6 15. Ndb6 Rb8 16. Qxd6 Qe8 17. Rg1 Bf4 18. Nd5 Rd8 19. Nc7 Rxd6 20. Nxe8 Rd7 21. Ncd6 Bf7 22. Nxb7 Rxb7 23. Nd6 Rxb2 24. Bxa6 Rfb8 25. Nxf7 Kxf7 26. Bc4+ Ke7 27. Kf1 Rc2 28. Bb3 Rxc3 29. Kg2 Nd4 30. Bd5 Nf3 31. Rgb1 Nxh4+ 32. Kf1 Rbc8 33. Rb7+ R8c7 34. Rab1 Nf3 35. Kg2 Nd4 36. a4 Kd7 37. a5 Ra3 38. Rxc7+ Kxc7 39. Rb7+ Kd6 40. Rxg7 Rxa5 41. Rxh7 Rc5 42. Ra7 Rc7 43. Ra6+ Ke7 44. Ra2 Bg5 45. Rb2 Ne6 46. Ba8 Ra7 47. Bc6 Kf8 48. Rb8+ Kg7 49. Rb2 Rc7 50. Ba8 Kg6 51. Rb8 Rc2 52. Rb3 Bh4 53. Rf3 Nd4 54. Ra3 Rxf2+ 55. Kh3 Kg5 0-1

[Event "Pfalz op 03rd"]
[Site "Neustadt an der Weinstrasse"]
[Date "2012.03.03"]
[Round "7"]
[White "Schott, Reimund"]
[Black "Kappes, Dieter"]
[Result "1/2-1/2"]
[WhiteElo "1933"]
[BlackElo "2004"]
[PlyCount "78"]
[EventDate "2012.02.17"]
[EventType "swiss"]
[EventRounds "9"]
[EventCountry "GER"]
[SourceTitle "EXT 2013"]
[Source "ChessBase"]
[SourceDate "2012.11.22"]
[SourceVersion "1"]
[SourceVersionDate "2012.11.22"]
[SourceQuality "1"]

1. e4 c5 2. Nf3 d6 3. d4 cxd4 4. Nxd4 Nf6 5. Nc3 a6 6. Bg5 e6 7. f4 Be7 8. Qf3 Qc7 9. 0-0-0 Nbd7 10. Bd3 h6 11. h4 Nc5 12. f5 Rf8 13. Be3 Bd7 14. g4 Bc6 15. g5 hxg5 16. hxg5 Nfd7 17. fxe6 Ne5 18. Qh3 0-0-0 19. Nxc6 Ncxd3+ 20. cxd3 Qxc6 21. Kb1 fxe6 22. Qxe6+ Qd7 23. Qxd7+ Kxd7 24. Nd5 Rh8 25. Rxh8 Rxh8 26. Rc1 Bd8 27. Kc2 Rh2+ 28. Kc3 Rg2 29. d4 Nc6 30. Rf1 Bxg5 31. Rf7+ Be7 32. a4 Ke8 33. Rf3 Rg4 34. Kd3 Bh4 35. Rh3 Ne7 36. Nf4 Kd7 37. d5 Bf6 38. b3 Ng6 39. Nxg6 Rxg6 1/2-1/2

[Event "Pfalz op 03rd"]
[Site "Neustadt an der Weinstrasse"]
[Date "2012.02.20"]
[Round "3"]
[White "Schott, Reimund"]
[Black "Scherer, Frank"]
[Result "1/2-1/2"]
[WhiteElo "1933"]
[BlackElo "2155"]
[PlyCount "65"]
[EventDate "2012.02.17"]
[EventType "swiss"]
[EventRounds "9"]
[EventCountry "GER"]
[SourceTitle "EXT 2013"]
[Source "ChessBase"]
[SourceDate "2012.11.22"]
[SourceVersion "1"]
[SourceVersionDate "2012.11.22"]
[SourceQuality "1"]

1. e4 c6 2. d4 d5 3. Nd2 dxe4 4. Nxe4 Bf5 5. Ng3 Bg6 6. h4 h6 7. Nf3 Nd7 8. h5 Bh7 9. Bd3 Bxd3 10. Qxd3 e6 11. Bf4 Qa5+ 12. Bd2 Bb4 13. Ne4 Bxd2+ 14. Nfxd2 Ngf6 15. Nd6+ Ke7 16. N6c4 Qc7 17. Qa3+ c5 18. Nb3 b6 19. 0-0-0 Rhd8 20. dxc5 bxc5 21. g3 Nd5 22. Rhe1 Kf8 23. Nd4 Kg8 24. Nb5 Qc6 25. Nbd6 Rf8 26. f4 N7b6 27. Qf3 Rad8 28. Nxb6 axb6 29. Nc4 b5 30. Ne5 Qa6 31. a3 b4 32. Qd3 Qa8 33. Qb3 1/2-1/2

[Event "Verbandsliga Nord Baden 1112"]
[Site "Germany"]
[Date "2011.11.27"]
[Round "3.7"]
[White "Schott, Reimund"]
[Black "Pfleger, Juergen"]
[Result "0-1"]
[WhiteElo "2035"]
[BlackElo "1874"]
[PlyCount "100"]
[EventDate "2011.10.09"]
[EventType "team-tourn"]
[EventRounds "9"]
[EventCountry "GER"]
[SourceTitle "EXT 2013"]
[Source "ChessBase"]
[SourceDate "2012.11.22"]
[SourceVersion "1"]
[SourceVersionDate "2012.11.22"]
[SourceQuality "1"]
[WhiteTeam "Heidelberg"]
[BlackTeam "Bad Mergentheim II"]
[WhiteTeamCountry "GER"]
[BlackTeamCountry "GER"]

1. e4 d5 2. exd5 Qxd5 3. Nc3 Qd6 4. d4 Nf6 5. Bc4 c6 6. Nge2 Bf5 7. Bf4 Qb4 8. Bb3 e6 9. 0-0 Nbd7 10. Re1 Be7 11. Bc1 Bd8 12. a3 Qe7 13. Bf4 0-0 14. Ng3 Bg6 15. d5 cxd5 16. Nxd5 Nxd5 17. Bxd5 Nf6 18. Bf3 Bc7 19. Bg5 Bb6 20. Qe2 Qc7 21. c3 Nd7 22. Rad1 h6 23. Be7 Rfe8 24. Bd6 Qc8 25. Ne4 Nf6 26. Nxf6+ gxf6 27. Bf4 Kh7 28. h4 Rg8 29. h5 Bf5 30. Be4 Bxe4 31. Qxe4+ f5 32. Qf3 Rg4 33. Rd3 Qc4 34. Be5 Rag8 35. g3 Qb5 36. b3 f4 37. Qe4+ f5 38. Qxb7+ R8g7 39. Qf3 Rxg3+ 40. Qxg3 Rxg3+ 41. Rxg3 fxg3 42. Bxg3 Qxb3 43. Re2 Kg7 44. Be5+ Kf7 45. Rd2 Ke7 46. Bd6+ Kf6 47. Bf8 Qxc3 48. Bxh6 Qc1+ 49. Kg2 Ba5 50. Rd5 Qc6 0-1

[Event "Verbandsliga Nord Baden 1112"]
[Site "Germany"]
[Date "2011.11.06"]
[Round "2.7"]
[White "Petrov, Mikhail"]
[Black "Schott, Reimund"]
[Result "0-1"]
[WhiteElo "2260"]
[BlackElo "2035"]
[PlyCount "76"]
[EventDate "2011.10.09"]
[EventType "team-tourn"]
[EventRounds "9"]
[EventCountry "GER"]
[SourceTitle "EXT 2013"]
[Source "ChessBase"]
[SourceDate "2012.11.22"]
[SourceVersion "1"]
[SourceVersionDate "2012.11.22"]
[SourceQuality "1"]
[WhiteTeam "Slavija KA"]
[BlackTeam "Heidelberg"]
[WhiteTeamCountry "GER"]
[BlackTeamCountry "GER"]

1. d4 Nf6 2. c4 e6 3. Nc3 Bb4 4. e3 0-0 5. Bd3 d5 6. Nf3 c5 7. a3 Bxc3+ 8. bxc3 Nc6 9. 0-0 dxc4 10. Bxc4 Qc7 11. Ba2 e5 12. d5 Rd8 13. e4 Bg4 14. Qe2 Na5 15. Bg5 Rd6 16. Qe3 Re8 17. Rae1 Bd7 18. Nd2 Ng4 19. Qe2 Rg6 20. Bh4 b5 21. Bg3 c4 22. f3 Qc5+ 23. Kh1 Nf6 24. Ra1 Nh5 25. Bf2 Qe7 26. g3 Qg5 27. Rg1 Nb7 28. Be3 Qe7 29. f4 exf4 30. gxf4 Qh4 31. Nf3 Nxf4 32. Qd2 Qh5 33. Raf1 Rxg1+ 34. Kxg1 Nh3+ 35. Kh1 Rxe4 36. Bb1 Re8 37. d6 Bc6 38. Qe2 Nxd6 0-1

[Event "Nice op"]
[Site "Nice"]
[Date "2009.08.??"]
[Round "6"]
[White "Orsoni, Jean Philippe"]
[Black "Schott, Reimund"]
[Result "1-0"]
[WhiteElo "1880"]
[BlackElo "2019"]
[PlyCount "65"]
[EventDate "2009.08.??"]
[EventType "swiss"]
[EventRounds "9"]
[EventCountry "FRA"]
[SourceTitle "EXT 2010"]
[Source "ChessBase"]
[SourceDate "2010.11.25"]
[SourceVersion "1"]
[SourceVersionDate "2010.11.25"]
[SourceQuality "1"]

1. e4 c5 2. Nf3 Nc6 3. d4 cxd4 4. Nxd4 Nf6 5. Nc3 d6 6. Bc4 e6 7. Be3 Be7 8. Qe2 0-0 9. 0-0-0 a6 10. f3 Qe8 11. Qf2 Nd7 12. g4 Nde5 13. Bb3 Na5 14. Rhg1 b5 15. Kb1 Nec4 16. Bc1 Bd7 17. f4 Rc8 18. f5 Nxb3 19. axb3 Na3+ 20. bxa3 Rxc3 21. g5 Qa8 22. f6 Bd8 23. Qh4 e5 24. Nf5 Bxf5 25. exf5 Bb6 26. fxg7 Re8 27. g6 fxg6 28. fxg6 hxg6 29. Rgf1 Rf3 30. Rxf3 Qxf3 31. Qh8+ Kf7 32. Qxe8+ Kxg7 33. Rxd6 1-0

[Event "FRA-chT2 East 0809"]
[Site "France"]
[Date "2009.03.15"]
[Round "9.6"]
[White "Grandidier, Raphael"]
[Black "Schott, Reimund"]
[Result "1-0"]
[WhiteElo "2043"]
[BlackElo "2034"]
[PlyCount "89"]
[EventDate "2008.10.19"]
[EventType "team-tourn"]
[EventRounds "11"]
[EventCountry "FRA"]
[SourceTitle "EXT 2010"]
[Source "ChessBase"]
[SourceDate "2010.11.25"]
[SourceVersion "1"]
[SourceVersionDate "2010.11.25"]
[SourceQuality "1"]
[WhiteTeam "Obernai"]
[BlackTeam "Gambsheim"]
[WhiteTeamCountry "FRA"]
[BlackTeamCountry "FRA"]

1. e4 c5 2. Nf3 Nc6 3. Bb5 e6 4. 0-0 Nge7 5. c3 Ng6 6. d4 cxd4 7. cxd4 d5 8. e5 Bd7 9. Nc3 Be7 10. Re1 0-0 11. Bd3 a6 12. Be3 b5 13. Rc1 Rc8 14. Bb1 Na5 15. g3 Nc4 16. b3 Na3 17. Bd3 b4 18. Ne2 Bb5 19. h4 Rxc1 20. Bxc1 Bxd3 21. Qxd3 Nb5 22. h5 Nh8 23. h6 Ng6 24. hxg7 Kxg7 25. Kg2 Rg8 26. Qe3 Kh8 27. Rh1 Rg7 28. Qh6 f6 29. Nf4 Qg8 30. Nh5 Rf7 31. exf6 Bxf6 32. Ng5 Bxd4 33. Nxf7+ Qxf7 34. Nf4 Nxf4+ 35. Bxf4 Nc3 36. Re1 Ne4 37. f3 Nc5 38. Bd6 Bg7 39. Qh4 Bf6 40. Qg4 Nd3 41. Re3 Nc1 42. Qxe6 Qxe6 43. Rxe6 Bc3 44. Bf4 Nxa2 45. Rxa6 1-0

[Event "FRA-chT2 East 0809"]
[Site "France"]
[Date "2009.03.14"]
[Round "8.6"]
[White "Schott, Reimund"]
[Black "Scamps, Roland"]
[Result "1-0"]
[WhiteElo "2034"]
[BlackElo "1822"]
[PlyCount "115"]
[EventDate "2008.10.19"]
[EventType "team-tourn"]
[EventRounds "11"]
[EventCountry "FRA"]
[SourceTitle "EXT 2010"]
[Source "ChessBase"]
[SourceDate "2010.11.25"]
[SourceVersion "1"]
[SourceVersionDate "2010.11.25"]
[SourceQuality "1"]
[WhiteTeam "Gambsheim"]
[BlackTeam "Besancon TPG II"]
[WhiteTeamCountry "FRA"]
[BlackTeamCountry "FRA"]

1. e4 e6 2. d4 d5 3. Nd2 c5 4. exd5 exd5 5. Bb5+ Bd7 6. Qe2+ Qe7 7. Bxd7+ Nxd7 8. dxc5 Qxe2+ 9. Nxe2 Bxc5 10. Nb3 Bb6 11. 0-0 Ngf6 12. Bf4 0-0 13. Rad1 Rac8 14. c3 Rfe8 15. Ned4 Ne4 16. Nf5 Ndf6 17. Nbd4 g6 18. Nh6+ Kg7 19. h4 Rcd8 20. f3 Nc5 21. Kh2 Nh5 22. Bc1 f5 23. g4 fxg4 24. fxg4 Bc7+ 25. Kg1 Nf4 26. Nhf5+ gxf5 27. Nxf5+ Kg6 28. Bxf4 Bxf4 29. Rxf4 Re4 30. Rxe4 Nxe4 31. Rxd5 Rf8 32. Rd7 Rf7 33. Rxf7 Kxf7 34. Kg2 Kf6 35. Kf3 Ke5 36. Ke3 Nf6 37. Kf3 Nd5 38. Nd4 a6 39. g5 Nf4 40. Nc2 Nd3 41. b4 Nc1 42. a4 Na2 43. c4 Nc3 44. a5 Ne4 45. Ke3 Ng3 46. Nd4 Nf1+ 47. Kd3 Ng3 48. b5 Ne4 49. Ke3 Nd6 50. Kd3 Ne4 51. bxa6 bxa6 52. Nc6+ Kf4 53. Kd4 Nxg5 54. hxg5 Kxg5 55. Ne5 h5 56. c5 Kf5 57. c6 Ke6 58. c7 1-0

[Event "FRA-chT2 East 0809"]
[Site "France"]
[Date "2008.12.14"]
[Round "4.7"]
[White "Schott, Reimund"]
[Black "Bellahcene, Bilel"]
[Result "0-1"]
[WhiteElo "2034"]
[BlackElo "1878"]
[PlyCount "96"]
[EventDate "2008.10.19"]
[EventType "team-tourn"]
[EventRounds "11"]
[EventCountry "FRA"]
[SourceTitle "EXT 2010"]
[Source "ChessBase"]
[SourceDate "2010.11.25"]
[SourceVersion "1"]
[SourceVersionDate "2010.11.25"]
[SourceQuality "1"]
[WhiteTeam "Gambsheim"]
[BlackTeam "Bischwiller II"]
[WhiteTeamCountry "FRA"]
[BlackTeamCountry "FRA"]

1. e4 c5 2. Nf3 Nc6 3. d4 cxd4 4. Nxd4 g6 5. Nc3 Bg7 6. Be3 Nf6 7. Bc4 0-0 8. Bb3 a5 9. a4 Ng4 10. Qxg4 Nxd4 11. Qh4 Re8 12. Ra3 d6 13. 0-0 Bd7 14. Rd1 Nxb3 15. Rxb3 Bxc3 16. Rxc3 Rc8 17. Rdd3 Bxa4 18. e5 Bxc2 19. Rxc8 Qxc8 20. Rc3 Qf5 21. f3 Qxe5 22. Bd4 Qe2 23. Re3 Qd1+ 24. Re1 Qd3 25. Bf6 Qb5 26. Rxe7 Rxe7 27. Bxe7 Qxb2 28. Bf6 Qc1+ 29. Kf2 Qd2+ 30. Kg1 Qe3+ 31. Qf2 Qxf2+ 32. Kxf2 Kf8 33. Ke2 Ke8 34. Kd2 Bf5 35. Kc3 Kd7 36. g4 Be6 37. Kb2 Kc6 38. Bd8 Kb5 39. Ka3 Bd5 40. f4 Bf3 41. h3 Bg2 42. h4 Bf3 43. g5 d5 44. Kb3 d4 45. Bf6 Bd5+ 46. Kc2 Kc4 47. Kd2 a4 48. Be7 b5 0-1